Shakira's VEVO Certified Music Videos - Statistics

General Stats
  • This quiz has been taken 190 times
    17 since last reset
  • The average score is 20 of 50
Answer Stats
Views Music Videos % Correct
1.6B+ Hips Don't Lie (ft. Wyclef Jean)
94%
1.0B+ Waka Waka (Esto es Africa)
94%
4.3B+ Waka Waka (This Time for Africa)
94%
183M+ Waka Waka (This Time for Africa) [HD Video]
94%
1.3B+ Can't Remember to Forget You
75%
1.3B+ La La La (Brazil 2014) [ft. Carlinhos Brown]
75%
271M+ La La La (Brazil 2014) [ft. Carlinhos Brown - Spanish]
75%
362M+ She Wolf
75%
3.1B+ Chantaje (ft. Maluma)
69%
208M+ Chantaje (ft. Maluna - Audio)
69%
858M+ Whenever, Wherever
69%
930M+ La Tortura (ft. Alejandro Sanz)
63%
177M+ Loca (ft. Dizzee Rascal - English)
63%
679M+ Loca (ft. El Cata - Spanish)
63%
335M+ Loba
50%
200M+ Ojos Así
50%
776M+ Try Everything
50%
138M+ Empire
44%
961M+ Me Enamoré
44%
260M+ Suerte
44%
141M+ Estoy Aquí
38%
216M+ Rabiosa (ft. El Cata - Spanish)
38%
283M+ Rabiosa (ft. Pitbull - English)
38%
197M+ Inevitable
31%
382M+ Te Aviso, Te Anuncio (Tango)
31%
670M+ Te Felicito (ft. Rauw Alejandro)
31%
121M+ Te Felicito (ft. Rauw Alejandro) [Alternate Video]
31%
362M+ Addicted to You
25%
339M+ Ciega, Sordomuda
25%
176M+ Copa Vacía (ft. Manuel Turizo)
25%
181M+ Gitana
25%
340M+ Monotonía (ft. Ozuna)
25%
212M+ No
25%
270M+ Soltera
25%
179M+ Antologia (Stereo)
19%
220M+ Don't Bother
19%
105M+ Give It Up To Me (ft.Lil Wayne)
19%
328M+ Las de la Intuición
19%
142M+ Lo Hecho Está Hecho
19%
1.1B+ Perro Fiel (ft. Nicky Jam)
19%
140M+ Sale el Sol
19%
444M+ Acróstico
13%
259M+ Día de Enero
13%
207M+ El Jefe (ft. Fuerza Regida)
13%
174M+ Que Me Quedes Tú
13%
104M+
13%
311M+ Me Gusta (ft. Anuel AA)
6%
141M+ Trap (ft. Maluma)
6%
563M+ Clandestino (ft. Maluma)
0%
208M+ Clandestino (ft. Maluma - Audio)
0%
No matching quizzes found
Score Distribution
Percent of People with Each Score
Percentile by Number Answered
Your Score History
You have not taken this quiz since the last reset